| 000 | 00528nam a22001937a 4500 | ||
|---|---|---|---|
| 999 |
_c527736 _d527736 |
||
| 003 | NUST | ||
| 005 | 20190807045415.0 | ||
| 008 | 190807b ||||| |||| 00| 0 eng d | ||
| 038 | _aMr. Noman | ||
| 082 | _a658 | ||
| 100 |
_aSajid, Mehreen Ahmed _919152 |
||
| 245 |
_aFuture of Mobile Banking in Pakistan / _cMehreen Ahmed Sajid. |
||
| 260 |
_aIslamabad: _bNBS - NUST, _c2013. |
||
| 300 |
_a43 p.: ill.; _c30cm. |
||
| 500 | _aHardcover. | ||
| 650 |
_aMBA Thesis. _917629 |
||
| 700 |
_aUmar Ahmed. _918248 |
||
| 942 |
_2ddc _cTHE |
||